| 000 | 00994nam a2200229 a 4500 | ||
|---|---|---|---|
| 001 | 51425 | ||
| 003 | BD-RjUL | ||
| 005 | 20211209075646.0 | ||
| 008 | 160831s1981 bg a|||| |||| 00| 0 ben d | ||
| 035 | _a(BD-RjUL)51545 | ||
| 040 |
_aBD-RjUL _bben _cBD-RjUL |
||
| 041 | _aben | ||
| 082 |
_223 _a363.96 _bHAJ 1981 |
||
| 100 | 1 |
_aহাসনাৎ, আবুল _9123275 |
|
| 245 | 1 | 0 |
_a(বহু চিত্রে ও সরল ব্যাখ্যায়) জন্ম-নিয়ন্ত্রণ : _cআবুল হাসনাৎ _b[মত ও পথ-সমস্যা ও সমাধান] / |
| 250 | _aসংশোধিত ও পরিমার্জিত সং. | ||
| 260 |
_aঢাকা : _bআহমদ পাবলিশিং হাউস, _c১৯৮১ |
||
| 300 |
_a[৮], ১৩৪ পৃ. : _bচিত্র ; _c১৭ সেমি. |
||
| 650 |
_aজন্ম-নিয়ন্ত্রণ _9153820 |
||
| 650 |
_aBirth - control _9153821 |
||
| 942 |
_2ddc _cBK |
||
| 999 |
_c51425 _d51425 |
||